00878nam a22002417a 450000500170000001000130001702000220003003500130005203700160006504000120008108200180009310000240011124500990013526000420023427000510027630000270032750000510035465000390040565000210044494200270046599900190049295201250051120170124110021.0 aA-897429 c00.00a8120719085 aA-897429 bCen Lib/Ret aDPLbEN a338.4791bBHA aBhatia, A.K.911963 aTourism management and marketing :cby A.K. Bhatia bthe business of tavel agency operations / aNew DelhibSterling Publishers c1997 aL-10, green park extention bNew Delhie110016 axviii, 288p.c21cm(Hb) aincludes bibliographical references and index  aTravel and tourism zIndia 919888 aMarketing 96818 2ddccENh338.4791mBHA c127241d127241 00104070aLbLd2015-06-29eCen Lib/Retg0.00l0o338.4791 BHApA-897429r2015-06-29 00:00:00t1v0.00w2015-06-29yEN